Computer Organization and design (Record no. 151)

MARC details
000 -LEADER
Fixed length control field 00613nam a2200193 4500
003 - CONTROL NUMBER IDENTIFIER
Control field SEACOMEC
005 - DATE AND TIME OF LATEST TRANSACTION
Control field 20240416120614.0
008 - FIXED-LENGTH DATA ELEMENTS--GENERAL INFORMATION
Fixed length control field 231006b |||||||| |||| 00| 0 eng d
040 ## - CATALOGING SOURCE
Original cataloging agency SEACOMEC
082 ## - DEWEY DECIMAL CLASSIFICATION NUMBER
Classification number 004.22
Book Number P317
100 1# - MAIN ENTRY--PERSONAL NAME
Personal name Patterson, David A.
245 1# - TITLE STATEMENT
Title Computer Organization and design
Sub title The hardware software interface
Statement of responsibility David A. Patterson and John L. Hennessy
250 ## - EDITION STATEMENT
Edition statement 3rd ed.
260 ## - IMPRINT
Place of publication New Delhi
Name of publisher Elsevier
Date of publication 2005
650 ## - SUBJECT ADDED ENTRY--TOPICAL TERM
Topical term Computer science
650 ## - SUBJECT ADDED ENTRY--TOPICAL TERM
Topical term Systems analysis and design, computer architecture, performance evaluation
700 1# - ADDED ENTRY--PERSONAL NAME
Personal name Hennessy, John L.
942 ## - ADDED ENTRY ELEMENTS (KOHA)
Koha item type Books
Holdings
Withdrawn status Lost status Source of classification Damaged status Not for loan Home library Current library Date acquired Total Checkouts Call number Accession number Date last seen Date checked out Price effective from Koha item type
    Dewey Decimal Classification     SEACOM ENGINEERING COLLEGE SEACOM ENGINEERING COLLEGE 16/04/2024 1 004.22 P317 5119 07/04/2026 11/11/2025 16/04/2024 Books
© Seacom Engineering College, All rights reserved.      Powered by Koha